Inflation et ordre monéteire international
Kaydedildi:
| Materyal Türü: | Kitap |
|---|---|
| Dil: | Undetermined |
| Baskı/Yayın Bilgisi: |
Genève
1967
|
| Konular: | |
| Etiketler: |
Etiketle
Etiket eklenmemiş, İlk siz ekleyin!
|
| Thư viện lưu trữ: | Trung tâm Học liệu Trường Đại học Cần Thơ |
|---|
| LEADER | 00420nam a2200145Ia 4500 | ||
|---|---|---|---|
| 001 | CTU_89124 | ||
| 008 | 210402s9999 xx 000 0 und d | ||
| 082 | |a 332.042 | ||
| 082 | |b I.43 | ||
| 245 | 0 | |a Inflation et ordre monéteire international | |
| 260 | |a Genève | ||
| 260 | |c 1967 | ||
| 650 | |a International finance,Inflation (finance) | ||
| 904 | |i Tuyến | ||
| 980 | |a Trung tâm Học liệu Trường Đại học Cần Thơ | ||